Statistics for Emoji Flags

Click here to take the quiz!

General Stats

  • This quiz has been taken 20 times
  • The average score is 19 of 20

Answer Stats

FlagCountry% Correct
๐Ÿ‡ง๐Ÿ‡ทBrazil
100%
๐Ÿ‡จ๐Ÿ‡ฆCanada
100%
๐Ÿ‡จ๐Ÿ‡ณChina
100%
๐Ÿ‡ซ๐Ÿ‡ทFrance
100%
๐Ÿ‡ฎ๐Ÿ‡นItaly
100%
๐Ÿ‡ฏ๐Ÿ‡ตJapan
100%
๐Ÿ‡ฒ๐Ÿ‡ฝMexico
100%
๐Ÿ‡ท๐Ÿ‡บRussia
100%
๐Ÿ‡ฌ๐Ÿ‡งUnited Kingdom
100%
๐Ÿ‡บ๐Ÿ‡ธUnited States
100%
๐Ÿ‡ฆ๐Ÿ‡บAustralia
94%
๐Ÿ‡ฎ๐Ÿ‡ชIreland
94%
๐Ÿ‡ฎ๐Ÿ‡ฑIsrael
94%
๐Ÿ‡ณ๐Ÿ‡ดNorway
94%
๐Ÿ‡ธ๐Ÿ‡ชSweden
94%
๐Ÿ‡ฏ๐Ÿ‡ฒJamaica
89%
๐Ÿ‡ณ๐Ÿ‡ฑNetherlands
89%
๐Ÿ‡ฟ๐Ÿ‡ฆSouth Africa
83%
๐Ÿ‡ฌ๐Ÿ‡ทGreece
78%
๐Ÿ‡ฎ๐Ÿ‡ทIran
67%

Score Distribution

Percentile by Number Answered

Percent of People with Each Score

Your Score History

You have not taken this quiz